| 000 | 01467cam a22003011i 4500 | ||
|---|---|---|---|
| 003 | SA-RiAUC | ||
| 005 | 20250427075250.0 | ||
| 008 | 250425s1985 su g b 000r0 ara c | ||
| 040 |
_aSA-RiAUC _bara _cSA-RiAUC _erda |
||
| 082 | 0 | 4 |
_a253.3 _bأ ع خ _qSA-RiAUC |
| 090 |
_a253.3 _b ا ب و غ |
||
| 100 | 1 |
_aأبو غدة، عبد الستار، _d1940-2020 _eمؤلف. |
|
| 245 | 1 | 2 |
_aالخيار وأثره في العقود : _bمدخل إلى نظرية الخيار ودراسة فقهية مقارنة لأحكام 33 خيارا / _cعبد الستار أبو غدة. |
| 250 | _aالطبعة الثانية. | ||
| 264 | 1 |
_aجدة، السعودية : _bمجموعة دلة البركة، إدارة التطوير والبحوث، _c1985 |
|
| 264 | 3 |
_aالكويت : _bمطبعة مقهوي |
|
| 300 |
_aمجلد ؛ _c23 سم. |
||
| 336 |
_aنص _btxt _2rdacontent _3كتاب |
||
| 337 |
_aبدون وسيط _bn _2rdamedia |
||
| 338 |
_aمجلد _bnc _2rdacarrier |
||
| 490 | 0 |
_aسلسلة صالح كامل للرسائل الجامعية في الاقتصاد الإسلامي ؛ _v4 |
|
| 500 | _aاهداء من المؤلف عبدالستار ابو غدة بتاريخ 21/ 6 / 1428 هـ | ||
| 504 | _aببليوجرافية : صفحة 797-807. | ||
| 650 | 7 |
_aالخيارات (معاملات إسلامية) _2aucsh |
|
| 650 | 7 |
_aالعقود (فقه إسلامي) _2aucsh |
|
| 942 |
_2ddc _cBOOK _n0 |
||
| 949 |
_aSA-JeALM _d250425 _umohamedma123 _n1 |
||
| 999 |
_c7377 _d7377 |
||